00946nas a2200229Ia 4500001001100000003000900011008004100020040001300061040001300074041001300087100004500100210001700145222001700162245008000179250001100259260005400270501008600324300001700410362003600427500021700463650003600680R020/42813IT-RoPAU151124c99999999xx |||||||||||| ||und|| aIT-RoPAU cIT-RoPAU aITALIANO aCrafton DonaldgCodice Aut. SPICS: 22098 aGRIFFITHIANA aGriffithiana aGRIFFITHIANA, ANNO 08-N.22/23 (MAGGIO 1985)bFelix, Ovvero Felicita' Felina a1a ed. aGENOVA - UDINEbHUMOUDA A.R. / CINEPOPOLAREc1985 bPaulus - SPICS - Società San Paolo EM (non-commercial uses only)cCopyright2015 a18 p. [5-22] aANNO 008, N.22/23 (MAGGIO 1985) aRiflessioni Sulla Serie di Cartoni Animati Felix The Cat di Otto Messmer. Vari Temi della Serie: Felix Escluso, Felix Minacciato, Felix Affamato, Felix con le Allucinazioni, Felix Buon Samaritano, Felix Damerino. aCINEMAvPUBBLICAZIONE PERIODICA